[Event "SV Erkenschwick 1 - Kölner SK Dr. Laske"]
[Site "NRW-Klasse, Gruppe 1 2015/201"]
[Date "2016.05.08"]
[Round "9.2"]
[White "Jens, Jelmer"]
[Black "Lindam, Ingo"]
[Result "1-0"]
[WhiteElo "2357"]
[BlackElo "2077"]
[PlyCount "57"]
[EventDate "2016.??.??"]
[WhiteTeam "SV Erkenschwick 1"]
[BlackTeam "Kölner SK Dr. Lasker 1"]

1. e4 c5 2. Nf3 e6 3. d4 cxd4 4. Nxd4 Nc6 5. Nc3 Qc7 6. Be3 a6 7. Qf3 Nf6 8.
O-O-O d6 9. Qg3 Nh5 10. Qh4 g6 11. g4 Be7 12. Qh3 Nxd4 13. Rxd4 Nf6 14. g5 e5
15. Qh4 exd4 16. Bxd4 Be6 17. gxf6 Bf8 18. Bh3 Qc4 19. Rd1 O-O-O 20. b3 Qb4 21.
Bxe6+ fxe6 22. Qh3 Kb8 23. Qxe6 Bh6+ 24. Kb2 Rhe8 25. Qd5 b6 26. a3 Qa5 27. Qc6
Rc8 28. Qxd6+ Kb7 29. b4 1-0

[Event "SV Erkenschwick 1 - Kölner SK Dr. Laske"]
[Site "NRW-Klasse, Gruppe 1 2015/201"]
[Date "2016.05.08"]
[Round "9.3"]
[White "Nagel, Bernhard"]
[Black "Erwich, Frank"]
[Result "1/2-1/2"]
[WhiteElo "2201"]
[BlackElo "2314"]
[PlyCount "144"]
[EventDate "2016.??.??"]
[WhiteTeam "Kölner SK Dr. Lasker 1"]
[BlackTeam "SV Erkenschwick 1"]

1. d4 Nf6 2. c4 e6 3. Nc3 Bb4 4. Qc2 c5 5. dxc5 O-O 6. Nf3 Na6 7. g3 Nxc5 8.
Bg2 b6 9. O-O Bb7 10. Nb5 Be4 11. Qd1 Nb7 12. Bf4 Rc8 13. Rc1 a6 14. Nd6 Nxd6
15. Bxd6 Bxd6 16. Qxd6 Qc7 17. Rfd1 Rfd8 18. b3 Bb7 19. Ne5 Bxg2 20. Kxg2 Ne8
21. Qxc7 Rxc7 22. e4 Kf8 23. f4 Ke7 24. Kf3 Nf6 25. Nd3 d6 26. e5 dxe5 27. Nxe5
Nd7 28. Nxd7 Rdxd7 29. Ke3 h5 30. Rxd7+ Kxd7 31. Rd1+ Kc6 32. Rd8 Kc5 33. a3 b5
34. Rd4 a5 35. Re4 Kb6 36. Kd3 h4 37. g4 Rc5 38. g5 Rf5 39. cxb5 Rxb5 40. b4 h3
41. g6 Rd5+ 42. Ke3 fxg6 43. Rxe6+ Kc7 44. Rxg6 axb4 45. axb4 Rb5 46. Rxg7+ Kd6
47. Rg3 Rxb4 48. Kf3 Ke6 49. Kg4 Rb2 50. Rxh3 Rg2+ 51. Kf3 Rg1 52. Rg3 Rf1+ 53.
Kg4 Kf6 54. h4 Kg6 55. h5+ Kh6 56. Kf5 Rf2 57. Re3 Rf1 58. Re4 Kxh5 59. Kf6 Ra1
60. f5 Ra6+ 61. Re6 Ra7 62. Re7 Ra6+ 63. Re6 Ra7 64. Rd6 Kh6 65. Ke5+ Kg7 66.
Ke6 Rf7 67. Rd1 Rf6+ 68. Ke5 Ra6 69. Rd7+ Kf8 70. Kf4 Rb6 71. Kg5 Ra6 72. f6
Ra1 1/2-1/2

[Event "SV Erkenschwick 1 - Kölner SK Dr. Laske"]
[Site "NRW-Klasse, Gruppe 1 2015/201"]
[Date "2016.05.08"]
[Round "9.4"]
[White "Langers, Alexander"]
[Black "Cramer, Volker"]
[Result "0-1"]
[WhiteElo "2177"]
[BlackElo "2026"]
[Annotator "Hausrath,Daniel"]
[PlyCount "86"]
[EventDate "2016.??.??"]
[WhiteTeam "SV Erkenschwick 1"]
[BlackTeam "Kölner SK Dr. Lasker 1"]

1. e4 e6 2. d4 d5 3. Nc3 Nf6 4. Bg5 Be7 5. e5 Nfd7 6. Bxe7 Qxe7 7. Nb5 Nb6 8.
c3 a6 9. Na3 c5 10. Nf3 Nc6 11. Be2 cxd4 12. cxd4 O-O 13. O-O f6 14. Rc1 fxe5
15. Nxe5 Qd6 16. Nxc6 bxc6 17. Qc2 Bd7 18. Bd3 h6 19. Qb3 Rab8 $11 20. Bb1 e5
21. dxe5 Qxe5 22. Rce1 Qd6 23. Qd3 Bf5 24. Qxa6 Nd7 25. Bxf5 Rxf5 26. Re2 Nc5
27. Qa5 Nd3 28. Nc4 Qg6 29. Ne3 Nf4 30. Rd2 Re8 31. g3 Rg5 32. Qa4 Re4 33. Qd1
d4 34. Ng2 Nh3+ 35. Kh1 c5 36. f4 Rd5 37. Qb3 Qc6 38. g4 d3 39. Qc3 Re2 40.
Rxe2 dxe2 41. Re1 Rd3 42. Qe5 Rd1 43. Qxe2 Nxf4 0-1

[Event "SV Erkenschwick 1 - Kölner SK Dr. Laske"]
[Site "NRW-Klasse, Gruppe 1 2015/201"]
[Date "2016.05.08"]
[Round "9.5"]
[White "Mandt, Mathias"]
[Black "Homs, Guust"]
[Result "1/2-1/2"]
[WhiteElo "2068"]
[BlackElo "2148"]
[Annotator "Hausrath,Daniel"]
[PlyCount "108"]
[EventDate "2016.??.??"]
[WhiteTeam "Kölner SK Dr. Lasker 1"]
[BlackTeam "SV Erkenschwick 1"]

1. d4 d5 2. c4 e6 3. Nc3 Nf6 4. Bg5 Be7 5. e3 Nbd7 6. Nf3 O-O 7. Rc1 a6 8. Bd3
dxc4 9. Bxc4 b5 10. Bd3 Bb7 11. O-O c5 12. Qe2 Qb6 13. Rfd1 Rfe8 14. Bc2 Rad8
15. a3 cxd4 16. Nxd4 Ne5 17. Bb3 Rc8 18. Nb1 h6 19. Bh4 Ng6 20. Bg3 Ne4 21. Nd2
Nxg3 22. hxg3 Bf6 23. N2f3 Ne5 24. Nxe5 Bxe5 25. Nf3 Bf6 26. Ne1 Rxc1 27. Rxc1
Rd8 28. Rd1 Rxd1 29. Bxd1 Qc6 30. Qd2 Qd5 31. Qxd5 Bxd5 32. b3 a5 33. Nd3 Kf8
34. f3 Ke7 35. Kf2 Kd6 36. Ke2 g6 37. g4 Bc3 38. Bc2 Bc6 39. e4 a4 40. b4 Bd7
41. Ke3 e5 42. Bd1 Be6 43. Be2 Kc6 44. f4 exf4+ 45. Kxf4 Bc4 46. Ke3 Bxd3 47.
Kxd3 Bb2 48. Kc2 Bxa3 49. Kc3 Bc1 50. Kc2 Bf4 51. Kb2 $11 Bd2 52. Ka3 Bc1+ 53.
Ka2 g5 54. Bd3 Bd2 1/2-1/2

[Event "SV Erkenschwick 1 - Kölner SK Dr. Laske"]
[Site "NRW-Klasse, Gruppe 1 2015/201"]
[Date "2016.05.08"]
[Round "9.6"]
[White "Van Zutphen, Jimmy"]
[Black "Kurka, Dieter"]
[Result "1-0"]
[WhiteElo "2194"]
[BlackElo "1970"]
[Annotator "Hausrath,Daniel"]
[PlyCount "145"]
[EventDate "2016.??.??"]
[WhiteTeam "SV Erkenschwick 1"]
[BlackTeam "Kölner SK Dr. Lasker 1"]

1. d4 d5 2. Bf4 c5 3. e3 Nc6 4. c3 Qb6 5. Qb3 c4 6. Qc2 Bf5 7. Qc1 Nf6 8. Nf3
Nh5 9. Bg5 h6 10. Bh4 g5 11. Bg3 Nxg3 12. hxg3 Bg7 13. Be2 Qc7 14. Nbd2 e6 15.
O-O O-O 16. Bd1 b5 17. a3 a5 18. Bc2 Bxc2 19. Qxc2 b4 20. axb4 axb4 21. b3 Rxa1
22. Rxa1 e5 23. bxc4 exd4 24. cxd4 dxc4 25. Qxc4 Qb7 26. Rb1 Rb8 27. Nb3 Bf8
28. Ne1 Qb6 29. Nd3 Na5 30. Nxa5 Qxa5 31. Ne5 Rb7 32. d5 b3 33. Nd3 b2 34. Qc2
Qxd5 35. Rxb2 Rxb2 36. Nxb2 Qa2 37. Qd2 Bg7 38. Qd8+ Kh7 39. Qd3+ Kg8 40. Nc4
Qa6 $11 41. Qe4 Qa4 42. Kh2 Qd7 43. g4 Qc7+ 44. g3 Qd7 45. Qf5 Qc7 46. Qd5 Qe7
47. Nd6 Bf8 48. Nf5 Qe6 49. e4 Kh7 50. Qxe6 fxe6 51. Nd4 e5 52. Nf5 Bb4 53. Kg2
Kg6 54. f3 h5 55. gxh5+ Kxh5 56. g4+ Kg6 57. Kf2 Bd2 58. Ke2 Bf4 59. Kd3 Kf6
60. Kc4 Ke6 61. Kc5 Bh2 62. Kc6 Bf4 63. Nd6 Bh2 64. Nb7 Bf4 65. Nc5+ Ke7 66.
Kd5 Bh2 67. Nd3 Kf6 68. Kd6 Bg3 69. Nc5 Bh2 70. Nd7+ Kf7 71. Kd5 Ke7 72. Nxe5
Bf4 73. Ng6+ 1-0

[Event "SV Erkenschwick 1 - Kölner SK Dr. Laske"]
[Site "NRW-Klasse, Gruppe 1 2015/201"]
[Date "2016.05.08"]
[Round "9.7"]
[White "Lommen, Frank"]
[Black "Krings, Christoph"]
[Result "1/2-1/2"]
[WhiteElo "2039"]
[BlackElo "2144"]
[PlyCount "60"]
[EventDate "2016.??.??"]
[WhiteTeam "Kölner SK Dr. Lasker 1"]
[BlackTeam "SV Erkenschwick 1"]

1. e4 e6 2. d3 d5 3. Qe2 dxe4 4. dxe4 c5 5. Nf3 Nc6 6. c3 e5 7. Qc2 a6 8. a4
Be7 9. Be2 Nf6 10. O-O O-O 11. Nbd2 Qc7 12. Nc4 Bg4 13. Bg5 Be6 14. Ne3 Ne8 15.
Bc4 Bxg5 16. Nxg5 Bxc4 17. Nxc4 Nf6 18. Ne3 h6 19. Nf3 Rad8 20. Rfd1 b5 21.
axb5 axb5 22. Nd5 Nxd5 23. exd5 Ne7 24. Qb3 e4 25. Ne1 Qe5 26. d6 Rxd6 27. Rxd6
Qxd6 28. Qxb5 Rb8 29. Qe2 f5 30. f3 Qe6 1/2-1/2

[Event "SV Erkenschwick 1 - Kölner SK Dr. Laske"]
[Site "NRW-Klasse, Gruppe 1 2015/201"]
[Date "2016.05.08"]
[Round "9.8"]
[White "Strozewski, Frank"]
[Black "Di Franco, Patrizio"]
[Result "0-1"]
[WhiteElo "1936"]
[BlackElo "2084"]
[PlyCount "70"]
[EventDate "2016.??.??"]
[WhiteTeam "SV Erkenschwick 1"]
[BlackTeam "Kölner SK Dr. Lasker 1"]

1. c4 g6 2. d4 Bg7 3. e4 c5 4. d5 d6 5. Nc3 Nf6 6. Be2 O-O 7. g4 e6 8. g5 Nfd7
9. dxe6 fxe6 10. Qxd6 Nc6 11. h4 Nd4 12. Bf4 Nc2+ 13. Kf1 Nxa1 14. h5 Qb6 15.
hxg6 hxg6 16. Bg4 Qxd6 17. Bxd6 Re8 18. Bd1 Ne5 19. f4 Nxc4 20. Bxc5 b6 21. Bf2
Nxb2 22. e5 Nxd1 23. Nxd1 Nc2 24. Rh3 Nb4 25. Nc3 Bb7 26. Nge2 Rad8 27. Nd4 Nd5
28. Nce2 Kf7 29. Ra3 a6 30. Rb3 Rh8 31. Nc2 Bf8 32. Ng3 b5 33. a4 Nxf4 34. axb5
axb5 35. Rc3 Rc8 0-1

[Event "SV Kamen 1 - SK Königsspringer Iserlohn"]
[Site "NRW-Klasse, Gruppe 1 2015/201"]
[Date "2016.05.08"]
[Round "9.1"]
[White "Scheider, Julian"]
[Black "Weidemann, Christian"]
[Result "1/2-1/2"]
[WhiteElo "2292"]
[BlackElo "2321"]
[PlyCount "72"]
[EventDate "2016.??.??"]
[WhiteTeam "SK Königsspringer Iserlohn 1"]
[BlackTeam "SV Kamen 1"]

1. e4 c5 2. Nf3 d6 3. d4 cxd4 4. Nxd4 Nf6 5. Nc3 g6 6. Be3 Bg7 7. f3 O-O 8. Qd2
Nc6 9. O-O-O d5 10. Kb1 Nxd4 11. e5 Nf5 12. exf6 exf6 13. Nxd5 Nxe3 14. Qxe3
Be6 15. Bc4 f5 16. c3 Re8 17. Nf4 Qc7 18. Bxe6 fxe6 19. h4 Rac8 20. g4 b5 21.
a3 a5 22. Nd3 Qc4 23. Ne5 Qc5 24. Rhe1 b4 25. axb4 axb4 26. Qxc5 Rxc5 27. Nd3
Rc4 28. Nxb4 fxg4 29. fxg4 Rxg4 30. h5 gxh5 31. Re2 h4 32. Kc2 Kf7 33. Rf1+ Bf6
34. Nd5 exd5 35. Rxe8 Kxe8 36. Rxf6 Ke7 1/2-1/2

[Event "SV Kamen 1 - SK Königsspringer Iserlohn"]
[Site "NRW-Klasse, Gruppe 1 2015/201"]
[Date "2016.05.08"]
[Round "9.2"]
[White "Luetke, Jens"]
[Black "Kramps, Rene"]
[Result "1-0"]
[WhiteElo "2182"]
[BlackElo "2067"]
[Annotator "Hausrath,Daniel"]
[PlyCount "75"]
[EventDate "2016.??.??"]
[WhiteTeam "SV Kamen 1"]
[BlackTeam "SK Königsspringer Iserlohn 1"]

1. e4 g6 2. d4 Bg7 3. f4 c6 4. Nf3 d5 5. e5 h5 6. Be3 Nh6 7. Qd2 Bg4 8. Ng5 e6
9. c4 dxc4 10. Bxc4 Nd7 11. Nc3 Nb6 12. Bb3 a5 13. a3 Nd5 14. Nxd5 exd5 15. O-O
Bf5 16. Bf2 Qb6 17. Ba2 O-O 18. Rac1 f6 $11 19. Nf3 Be4 20. Nh4 Ng4 21. Rce1
Kh7 22. Rxe4 dxe4 23. f5 e3 24. Bxe3 Nxe3 25. fxg6+ Kh8 26. exf6 Nxf1 27. Qg5
Qxd4+ 28. Kh1 Ng3+ 29. hxg3 Qd1+ 30. Kh2 Rxf6 31. Nf3 Rf5 32. Qxf5 Qc1 33. Ne5
Rf8 34. Nf7+ Kg8 35. Qe6 h4 36. Ng5+ Kh8 37. Qg8+ Rxg8 38. Nf7# 1-0

[Event "SV Kamen 1 - SK Königsspringer Iserlohn"]
[Site "NRW-Klasse, Gruppe 1 2015/201"]
[Date "2016.05.08"]
[Round "9.3"]
[White "Franke, Thomas"]
[Black "Himmel, Hansjoerg"]
[Result "1/2-1/2"]
[WhiteElo "2092"]
[BlackElo "2196"]
[PlyCount "21"]
[EventDate "2016.??.??"]
[WhiteTeam "SK Königsspringer Iserlohn 1"]
[BlackTeam "SV Kamen 1"]

1. Nf3 Nf6 2. g3 d5 3. Bg2 g6 4. c4 Bg7 5. O-O O-O 6. cxd5 Nxd5 7. d4 Nb6 8.
Nc3 Nc6 9. d5 Na5 10. Bf4 Nac4 11. Qb3 1/2-1/2

[Event "SV Kamen 1 - SK Königsspringer Iserlohn"]
[Site "NRW-Klasse, Gruppe 1 2015/201"]
[Date "2016.05.08"]
[Round "9.4"]
[White "Kleinegger, Frank"]
[Black "Kind, Bertram"]
[Result "1-0"]
[WhiteElo "2116"]
[BlackElo "2166"]
[PlyCount "99"]
[EventDate "2016.??.??"]
[WhiteTeam "SV Kamen 1"]
[BlackTeam "SK Königsspringer Iserlohn 1"]

1. Nf3 Nf6 2. g3 b6 3. Bg2 Bb7 4. O-O e6 5. c4 Be7 6. Nc3 O-O 7. d4 d5 8. Ne5
c5 9. dxc5 Bxc5 10. cxd5 Nxd5 11. Qb3 Nd7 12. Nxd7 Qxd7 13. Rd1 Qe7 14. Ne4
Rac8 15. Bg5 f6 16. Bd2 Rfd8 17. Nxc5 bxc5 18. Ba5 Rd7 19. Rac1 f5 20. e4 c4
21. Rxc4 Rxc4 22. Qxc4 Nb6 23. Rxd7 Qxd7 24. Bxb6 axb6 25. exf5 Qd1+ 26. Qf1
Qxf1+ 27. Kxf1 Ba6+ 28. Ke1 exf5 29. Kd2 Kf7 30. f4 Ke6 31. Kc3 Kd6 32. Kd4 Be2
33. b4 Bb5 34. Bd5 Ba4 35. Bc4 Bc6 36. Bb3 b5 37. Bc2 Bd7 38. Bd3 h6 39. a3 g6
40. h4 Be8 41. Be2 Bd7 42. Bd1 Bc6 43. Bb3 Be8 44. Bd5 Bd7 45. Bf7 Ke7 46. Bxg6
Kf6 47. Bh5 Ke6 48. Kc5 Bc8 49. Be2 Bd7 50. Bxb5 1-0

[Event "SV Kamen 1 - SK Königsspringer Iserlohn"]
[Site "NRW-Klasse, Gruppe 1 2015/201"]
[Date "2016.05.08"]
[Round "9.5"]
[White "Messarius, Juergen"]
[Black "Georg, Heinz"]
[Result "0-1"]
[WhiteElo "2141"]
[BlackElo "2141"]
[PlyCount "108"]
[EventDate "2016.??.??"]
[WhiteTeam "SK Königsspringer Iserlohn 1"]
[BlackTeam "SV Kamen 1"]

1. e4 e5 2. Nf3 Nc6 3. d4 exd4 4. Nxd4 Nf6 5. Nxc6 bxc6 6. e5 Qe7 7. Qe2 Nd5 8.
c4 Ba6 9. h4 O-O-O 10. Rh3 Nb6 11. b3 Re8 12. Bb2 d5 13. Nd2 Qd7 14. O-O-O f6
15. Qf3 Bb4 16. Bd3 Kb8 17. cxd5 Bxd3 18. Qxd3 fxe5 19. Nc4 Bd6 20. Nxd6 cxd6
21. dxc6 Qxc6+ 22. Kb1 Re6 23. Rg3 g6 24. Qf3 Qe8 25. Ba3 Rf8 26. Qc3 Rff6 27.
Rf3 Qc8 28. Rxf6 Rxf6 29. Bxd6+ Rxd6 30. Qxe5 Qf5+ 31. Qxf5 Rxd1+ 32. Kc2 gxf5
33. Kxd1 Kc7 34. Kd2 Kd6 35. g3 Nd5 36. a3 Nf6 37. Ke3 Ke5 38. b4 Ne4 39. Ke2
a6 40. Ke3 Nd6 41. Kd3 Kd5 42. a4 Ne4 43. Ke3 Nc3 44. Kf4 Ke6 45. Kg5 Nxa4 46.
Kh6 Nc3 47. f3 Nd5 48. Kxh7 Nxb4 49. g4 Nd5 50. g5 a5 51. h5 a4 52. Kg8 a3 53.
h6 a2 54. g6 Ne7+ 0-1

[Event "SV Kamen 1 - SK Königsspringer Iserlohn"]
[Site "NRW-Klasse, Gruppe 1 2015/201"]
[Date "2016.05.08"]
[Round "9.6"]
[White "Seepe, Udo"]
[Black "Klauke, Stefan"]
[Result "0-1"]
[WhiteElo "2059"]
[BlackElo "2100"]
[Annotator "Hausrath,Daniel"]
[PlyCount "82"]
[EventDate "2016.??.??"]
[WhiteTeam "SV Kamen 1"]
[BlackTeam "SK Königsspringer Iserlohn 1"]

1. Nf3 d5 2. g3 Nc6 3. d4 Bf5 4. c4 e6 5. Bg2 Nf6 6. O-O Be7 7. Nc3 O-O 8. cxd5
Nxd5 9. Nxd5 exd5 10. Bf4 Bf6 11. Ne5 $11 Re8 12. Nxc6 bxc6 13. Rc1 g5 14. Be3
Rb8 15. Qd2 Rb6 16. a3 Qe7 17. b4 Bc8 18. Rc5 Ba6 19. Ra5 Ra8 20. Rc1 Bc4 21.
Bh3 a6 22. Bf5 Rd8 23. Bd3 Bb5 24. Bb1 h6 25. Qc2 Bg7 26. Qh7+ Kf8 27. Bd3 Rd6
28. Qf5 Re6 29. Bxb5 cxb5 30. Rc3 c6 31. Qd3 Re4 32. Kg2 Kg8 33. Rc2 f5 34. Qd2
Qe6 35. h3 f4 36. gxf4 gxf4 37. Bxf4 Rxd4 38. Qe3 Qg6+ 39. Qg3 Qxc2 40. Bxh6
Qe4+ 41. Kh2 Qe5 0-1

[Event "SV Kamen 1 - SK Königsspringer Iserlohn"]
[Site "NRW-Klasse, Gruppe 1 2015/201"]
[Date "2016.05.08"]
[Round "9.8"]
[White "Traunecker, Thomas"]
[Black "Franz, Christian"]
[Result "1/2-1/2"]
[WhiteElo "1912"]
[BlackElo "2014"]
[PlyCount "23"]
[EventDate "2016.??.??"]
[WhiteTeam "SV Kamen 1"]
[BlackTeam "SK Königsspringer Iserlohn 1"]

1. e4 c5 2. Nf3 d6 3. Bb5+ Bd7 4. c4 Nc6 5. O-O e5 6. Nc3 Be7 7. d3 a6 8. Bxc6
bxc6 9. Ne1 Bg5 10. f4 exf4 11. Bxf4 Bxf4 12. Rxf4 1/2-1/2

[Event "Ratinger SK 1 - SC Hansa Dortmund 2"]
[Site "NRW-Klasse, Gruppe 2 2015/201"]
[Date "2016.05.08"]
[Round "9.5"]
[White "Zelt, Jens"]
[Black "Graeber, Ralf"]
[Result "1/2-1/2"]
[WhiteElo "1961"]
[BlackElo "2112"]
[PlyCount "26"]
[EventDate "2016.??.??"]
[WhiteTeam "SC Hansa Dortmund 2"]
[BlackTeam "Ratinger SK 1"]

1. d4 Nf6 2. Nf3 b6 3. Bf4 Bb7 4. e3 g6 5. Nbd2 Bg7 6. h3 O-O 7. Be2 d6 8. O-O
Nbd7 9. c3 Re8 10. Bh2 e5 11. Rc1 Qe7 12. Ne1 Rad8 13. Bf3 Bxf3 1/2-1/2

[Event "Ratinger SK 1 - SC Hansa Dortmund 2"]
[Site "NRW-Klasse, Gruppe 2 2015/201"]
[Date "2016.05.08"]
[Round "9.8"]
[White "Krueger, Norbert"]
[Black "Majdpour, Pouya"]
[Result "1/2-1/2"]
[WhiteElo "2029"]
[BlackElo "1730"]
[PlyCount "21"]
[EventDate "2016.??.??"]
[WhiteTeam "Ratinger SK 1"]
[BlackTeam "SC Hansa Dortmund 2"]

1. e4 c6 2. d4 d5 3. exd5 cxd5 4. c4 dxc4 5. Bxc4 e6 6. Nf3 Nf6 7. O-O Be7 8.
Nc3 O-O 9. Qe2 a6 10. a4 Nc6 11. Rd1 1/2-1/2

[Event "SG Ennepe-Ruhr-Süd 1 - SG Bochum 2"]
[Site "NRW-Klasse, Gruppe 2 2015/201"]
[Date "2016.05.08"]
[Round "9.1"]
[White "Kotainy, Jens"]
[Black "Lupor, Stefan"]
[Result "1/2-1/2"]
[WhiteElo "2326"]
[BlackElo "2234"]
[PlyCount "40"]
[EventDate "2016.??.??"]
[WhiteTeam "SG Bochum 2"]
[BlackTeam "SG Ennepe-Ruhr-Süd 1"]

1. e4 e5 2. Bc4 Nf6 3. d3 c6 4. Nf3 d5 5. Bb3 a5 6. c3 Bd6 7. Nbd2 Na6 8. Qe2
O-O 9. O-O Re8 10. Re1 Nc5 11. Bc2 dxe4 12. dxe4 b6 13. Nc4 Bc7 14. b4 axb4 15.
cxb4 Ne6 16. Bb2 Nf4 17. Qe3 Ng4 18. Qc3 b5 19. Ne3 Qf6 20. Nxg4 Bxg4 1/2-1/2

[Event "SG Ennepe-Ruhr-Süd 1 - SG Bochum 2"]
[Site "NRW-Klasse, Gruppe 2 2015/201"]
[Date "2016.05.08"]
[Round "9.3"]
[White "Schlawin, Marlon"]
[Black "Tripolsky, Eugen"]
[Result "1-0"]
[WhiteElo "2262"]
[BlackElo "2207"]
[PlyCount "73"]
[EventDate "2016.??.??"]
[WhiteTeam "SG Bochum 2"]
[BlackTeam "SG Ennepe-Ruhr-Süd 1"]

1. e4 g6 2. d4 Bg7 3. Nc3 d5 4. exd5 Nf6 5. Bc4 Nbd7 6. Qf3 O-O 7. h3 Nb6 8.
Bb3 a5 9. a4 c6 10. dxc6 bxc6 11. Nge2 Nfd5 12. O-O Ba6 13. Rd1 Rb8 14. Ne4 Bc4
15. Bxc4 Nxc4 16. b3 Nd6 17. Nxd6 exd6 18. Nf4 Ne7 19. Bb2 d5 20. Nd3 Nf5 21.
Ne5 Qc7 22. Qd3 c5 23. Rab1 Nxd4 24. Bxd4 cxd4 25. Nf3 Rb4 26. Rd2 Re8 27. Re1
Rc8 28. Rde2 h6 29. Re8+ Rxe8 30. Rxe8+ Kh7 31. h4 Qc6 32. Re7 Kg8 33. h5 g5
34. Qf5 Bf6 35. Rxf7 Bg7 36. Ne5 Qd6 37. Rxg7+ 1-0

[Event "SG Ennepe-Ruhr-Süd 1 - SG Bochum 2"]
[Site "NRW-Klasse, Gruppe 2 2015/201"]
[Date "2016.05.08"]
[Round "9.4"]
[White "Arndt, Stefan"]
[Black "Tkachuk, Konstantyn"]
[Result "1/2-1/2"]
[WhiteElo "2129"]
[BlackElo "2267"]
[PlyCount "46"]
[EventDate "2016.??.??"]
[WhiteTeam "SG Ennepe-Ruhr-Süd 1"]
[BlackTeam "SG Bochum 2"]

1. e4 c5 2. c3 g6 3. d4 cxd4 4. cxd4 d5 5. e5 Nc6 6. Nc3 f6 7. Nf3 Bg7 8. Be3
fxe5 9. dxe5 e6 10. Bb5 Nge7 11. Bc5 Bd7 12. Bxc6 Nxc6 13. O-O Ne7 14. Qb3 b6
15. Bd6 O-O 16. Qa3 Re8 17. Nd4 Nc8 18. Ndb5 Bxb5 19. Nxb5 Nxd6 20. Qxd6 Re7
21. f4 Qxd6 22. Nxd6 g5 23. g3 Rf8 1/2-1/2

[Event "SG Ennepe-Ruhr-Süd 1 - SG Bochum 2"]
[Site "NRW-Klasse, Gruppe 2 2015/201"]
[Date "2016.05.08"]
[Round "9.5"]
[White "Dahm, Jochen"]
[Black "Moors, Hans"]
[Result "1/2-1/2"]
[WhiteElo "2188"]
[BlackElo "2041"]
[PlyCount "89"]
[EventDate "2016.??.??"]
[WhiteTeam "SG Bochum 2"]
[BlackTeam "SG Ennepe-Ruhr-Süd 1"]

1. e4 e5 2. Nf3 Nc6 3. Bb5 a6 4. Ba4 Nf6 5. O-O Nxe4 6. d4 b5 7. Bb3 d5 8. Nxe5
Nxe5 9. dxe5 c6 10. Be3 Bc5 11. Nd2 Nxd2 12. Qxd2 Qb6 13. Bxc5 Qxc5 14. c3 Bf5
15. Rad1 O-O 16. Qg5 Bg6 17. Rfe1 f6 18. Qg3 fxe5 19. Rxe5 Rae8 20. Rde1 Rxe5
21. Rxe5 a5 22. h4 a4 23. Bd1 h6 24. Bg4 Bf7 25. a3 Qd6 26. Be2 d4 27. f4 Rd8
28. Qd3 Bc4 29. Qxd4 Qxd4+ 30. cxd4 Rxd4 31. Bh5 Bf7 32. Bf3 Rc4 33. h5 Kf8 34.
g3 Rc1+ 35. Kf2 Bc4 36. Be2 Rc2 37. Ke1 Rxb2 38. Bxc4 bxc4 39. Rc5 Rb3 40. Rxc4
Rxa3 41. Kf2 Ke7 42. Rxc6 Rb3 43. Ra6 a3 44. Kg2 Rb2+ 45. Kh3 1/2-1/2

[Event "SG Ennepe-Ruhr-Süd 1 - SG Bochum 2"]
[Site "NRW-Klasse, Gruppe 2 2015/201"]
[Date "2016.05.08"]
[Round "9.6"]
[White "Bruchmann, Norbert"]
[Black "Kitte, Sebastian"]
[Result "0-1"]
[WhiteElo "2007"]
[BlackElo "2190"]
[PlyCount "114"]
[EventDate "2016.??.??"]
[WhiteTeam "SG Ennepe-Ruhr-Süd 1"]
[BlackTeam "SG Bochum 2"]

1. e4 c5 2. Nc3 e6 3. f4 d5 4. Bb5+ Bd7 5. Qe2 d4 6. Bxd7+ Qxd7 7. Nb1 d3 8.
Qxd3 Qxd3 9. cxd3 Nc6 10. a3 Nd4 11. Ra2 Nb3 12. Kd1 Ne7 13. Nf3 Nc6 14. d4
Ncxd4 15. Nxd4 cxd4 16. Kc2 Nc5 17. e5 Rc8 18. b4 d3+ 19. Kc3 Ne4+ 20. Kd4 f5
21. exf6 Nxf6 22. Kxd3 Bd6 23. g3 O-O 24. Nc3 e5 25. fxe5 Bxe5 26. Rf1 Rfd8+
27. Kc2 Ne4 28. Rf3 Ng5 29. Re3 Bd4 30. Re7 Rf8 31. Re2 Nf3 32. Kb3 Bg1 33. Re7
Nd4+ 34. Kb2 Bxh2 35. Rxb7 Bxg3 36. Rxa7 Be5 37. Rd7 g5 38. Rd5 Rf5 39. a4 Ne2
40. Rc5 Rb8 41. Rc4 Rf4 42. Rxf4 gxf4 43. Kc2 f3 44. Ba3 f2 45. Ra1 Ng3 46. b5
f1=Q 47. Rxf1 Nxf1 48. Bc5 Rd8 49. d3 h5 50. Bb6 Rc8 51. d4 Bg3 52. Kd3 h4 53.
Nd5 h3 54. Nf6+ Kf7 55. Ng4 Rg8 56. Ne5+ Bxe5 57. dxe5 h2 0-1

[Event "SG Ennepe-Ruhr-Süd 1 - SG Bochum 2"]
[Site "NRW-Klasse, Gruppe 2 2015/201"]
[Date "2016.05.08"]
[Round "9.7"]
[White "Werthebach, Felix"]
[Black "Osswald, Luis Monty"]
[Result "1/2-1/2"]
[WhiteElo "2145"]
[BlackElo "2014"]
[Annotator "Hausrath,Daniel"]
[PlyCount "118"]
[EventDate "2016.??.??"]
[WhiteTeam "SG Bochum 2"]
[BlackTeam "SG Ennepe-Ruhr-Süd 1"]

1. c4 c5 2. g3 Nf6 3. Bg2 e6 4. Nf3 Nc6 5. O-O Qc7 6. Nc3 a6 7. b3 b6 8. d4
cxd4 9. Nxd4 Bb7 10. e4 Rc8 11. Be3 d6 12. Rc1 Ne5 13. h3 Be7 14. f4 Ned7 15.
f5 e5 16. Nde2 h5 17. Nd5 Bxd5 18. cxd5 Qb7 19. Rxc8+ Qxc8 20. Qd2 Qb7 21. Rc1
Nb8 22. a4 Bd8 23. Qb4 Ke7 24. Bf3 b5 25. axb5 axb5 26. Kg2 Na6 27. Qa3 b4 28.
Qa4 Nd7 29. Rc4 Ndc5 30. Bxc5 dxc5 31. Qa1 Bc7 32. Rc2 h4 33. g4 Bd6 $11 34.
Nc1 c4 35. Rxc4 Rc8 36. Be2 Rxc4 37. Bxc4 Nc5 38. Kf3 Qb6 39. Ne2 Bc7 40. Qe1
Qh6 41. Qxb4 Bd6 42. Qc3 g6 43. b4 Nd7 44. Bb5 gxf5 45. Bxd7 fxe4+ 46. Kxe4
Kxd7 47. b5 Qg6+ 48. Ke3 f5 49. Qc6+ Ke7 50. Qc8 fxg4 51. hxg4 Qh6+ $11 52. Kf3
e4+ 53. Kxe4 h3 54. Nd4 Qf4+ 55. Kd3 Qf1+ 56. Kc2 Qf2+ 57. Kd3 Qf1+ 58. Ke3
Qf4+ 59. Kd3 Qf1+ 1/2-1/2

[Event "SG Ennepe-Ruhr-Süd 1 - SG Bochum 2"]
[Site "NRW-Klasse, Gruppe 2 2015/201"]
[Date "2016.05.08"]
[Round "9.8"]
[White "Heller, Achim"]
[Black "Tkachuk, Sergij"]
[Result "1-0"]
[WhiteElo "2002"]
[BlackElo "2111"]
[PlyCount "43"]
[EventDate "2016.??.??"]
[WhiteTeam "SG Ennepe-Ruhr-Süd 1"]
[BlackTeam "SG Bochum 2"]

1. d4 Nf6 2. c4 g6 3. Nc3 Bg7 4. e4 d6 5. f4 O-O 6. Nf3 e5 7. dxe5 dxe5 8. Qxd8
Rxd8 9. Nxe5 Re8 10. Bd3 Nxe4 11. Bxe4 f6 12. Bd5+ Kh8 13. Bf7 Rf8 14. Nxg6+
hxg6 15. Bxg6 f5 16. O-O Be6 17. Nd5 Na6 18. Be3 c6 19. Ne7 Bxc4 20. Rf3 Bxb2
21. Rb1 Bc3 22. Bf2 1-0

[Event "SF Lieme 1 - SF Neuenkirchen 1"]
[Site "NRW-Klasse, Gruppe 2 2015/201"]
[Date "2016.05.08"]
[Round "9.1"]
[White "Wilde, Pierre"]
[Black "Himpenmacher, Andy"]
[Result "1/2-1/2"]
[WhiteElo "2235"]
[BlackElo "2186"]
[PlyCount "32"]
[EventDate "2016.??.??"]
[WhiteTeam "SF Neuenkirchen 1"]
[BlackTeam "SF Lieme 1"]

1. c4 e6 2. g3 Nf6 3. Bg2 d5 4. Nf3 Be7 5. O-O O-O 6. d4 dxc4 7. Qc2 a6 8. Qxc4
b5 9. Qc2 Bb7 10. Bg5 Nbd7 11. Nbd2 Rc8 12. Bxf6 Nxf6 13. Nb3 Be4 14. Qc3 c6
15. Rac1 Nd7 16. Rfd1 Bd5 1/2-1/2

[Event "SF Lieme 1 - SF Neuenkirchen 1"]
[Site "NRW-Klasse, Gruppe 2 2015/201"]
[Date "2016.05.08"]
[Round "9.2"]
[White "Schmitz, Philipp"]
[Black "Rieke, Theo"]
[Result "1/2-1/2"]
[WhiteElo "2136"]
[BlackElo "1970"]
[PlyCount "32"]
[EventDate "2016.??.??"]
[WhiteTeam "SF Lieme 1"]
[BlackTeam "SF Neuenkirchen 1"]

1. e4 e5 2. Nf3 Nc6 3. d4 exd4 4. Nxd4 Nf6 5. Nxc6 bxc6 6. Bd3 d5 7. Qe2 dxe4
8. Nd2 Bb4 9. Bxe4 Nxe4 10. Qxe4+ Qe7 11. Qxe7+ Bxe7 12. O-O O-O 13. Nf3 Bf6
14. c3 Rb8 15. Nd4 c5 16. Nb3 c4 1/2-1/2